01081pam a2200289 a 4500999001700000001000800017003000400025005001700029008004100046010001700087020002800104040001800132050002400150082001500174100001700189245006100206260004800267300004100315440005000356500006600406500002000472504003200492600006000524906004500584942003600629952012600665 c26879d268792437114OSt20170207084204.0880428s1989 ctua b 001 0 eng  a 88016881  a0300041780 (alk. paper) aDLCcDLCdDLC00aND237.R725bC5 198900a759.132191 aChave, Anna.10aMark Rothko :bsubjects in abstraction /cAnna C. Chave. aNew Haven :bYale University Press,cc1989. a229 p. :bill. (some col.) ;c26 cm. 0aYale publications in the history of art ;v39 aBased on the author's thesis (Ph. D.--Yale University, 1982). aIncludes index. aBibliography: p. [217]-224.10aRothko, Mark,d1903-1970xCriticism and interpretation. a7bcbccorignewd1eocipf19gy-gencatlg 2lcccBOOKShND 237 .R725C5 1989 00102lcc4070aMUCbMUCcTECHd2017-02-07eDonation (BFA)l0oND 237 .R725C5 1989p34457r2018-07-13w2017-02-07yBOOKS